Flags of USA States #1 - Statistics

General Stats
  • This quiz has been taken 162 times
  • The average score is 7 of 10
Answer Stats
Picture Answer % Correct
California
98%
Arkansas
95%
Colorado
86%
Alaska
80%
Florida
75%
Alabama
71%
Arizona
65%
Georgia
62%
Delaware
59%
Connecticut
56%
No matching quizzes found
Score Distribution
Percent of People with Each Score
Percentile by Number Answered
Your Score History
You have not taken this quiz